000 00731nam a2200229Ii 4500
003 JO-AjNU
008 230605s9999||||xx |||||||||||||| ||und||
017 _a1976/4103
020 _a977-306-026-8
040 _aJO-AjNU
_bara
_erda
_cJO-AjNU
041 _aara
050 1 4 _aK5015.1977
100 3 _a عبيد ، رءؤف ,
_eauthor
_918160
245 0 0 _aأصول علم الإجرام والعقاب
250 _aط4
264 3 1 _aالقاهرة : دار الفكر العربي ، 1977
300 _a615ص
336 _atext
_btxt
_2rdacontent
337 _aunmediated
_bn
_2rdamedia
338 _avolume
_bnc
_2rdacarrier
650 4 _aعلم الاجرام -- الجريمة والمجرمون -- العقوبات
_918161
999 _aA5755
_c9323
_d9323